[Event "10. Lichtenberger Sommer"]
[Site "Berlin"]
[Date "2011.08.18"]
[Round "6.95"]
[White "Stark, Steven"]
[Black "Poeltelt, Helmut"]
[Result "0-1"]
[WhiteElo "1594"]
[BlackElo "1716"]
[PlyCount "78"]
[EventDate "2011.??.??"]
[WhiteTeam "VfB Hermsdorf e.V."]
[BlackTeam "SC Eintracht Berlin e.V."]

1. e4 c5 2. c4 Nc6 3. Nf3 d6 4. d4 cxd4 5. Nxd4 Qc7 6. Nxc6 Qxc6 7. Qd5 Qc7 8.
Bd2 Nf6 9. Qd3 g6 10. Nc3 Bg7 11. c5 Qxc5 12. Qb5+ Bd7 13. Qxc5 dxc5 14. e5 Ng4
15. f4 O-O 16. h3 Nh6 17. g4 Bc6 18. Rh2 e6 19. Bb5 Bd5 20. Be3 a6 21. Ba4 b5
22. Bc2 Rac8 23. g5 Nf5 24. Bxf5 gxf5 25. Ne2 Rfd8 26. b3 c4 27. Nd4 Bf8 28.
Ne2 Bb4+ 29. Kf2 cxb3 30. axb3 a5 31. Nd4 Bc3 32. Ra3 Bxd4 33. Bxd4 Bxb3 34.
Bb6 Rc2+ 35. Kg3 Rd3+ 36. Kh4 Rxh2 37. g6 Rdxh3+ 38. Kg5 Kg7 39. gxf7 Rg2# 0-1

[Event "10. Lichtenberger Sommer"]
[Site "Berlin"]
[Date "2011.08.18"]
[Round "6.96"]
[White "Rausch, Erik"]
[Black "Petersen, Marcel"]
[Result "1-0"]
[WhiteElo "1821"]
[BlackElo "1271"]
[PlyCount "43"]
[EventDate "2011.??.??"]
[WhiteTeam "vereinslos"]
[BlackTeam "SG Grün-Weiß Baumschulenweg e.V."]

1. e4 c5 2. Nf3 d6 3. Bb5+ Bd7 4. Bxd7+ Nxd7 5. d3 Ngf6 6. O-O h6 7. Re1 Qc7 8.
c3 g5 9. Nfd2 h5 10. d4 Bg7 11. Nf1 g4 12. Bf4 Rd8 13. Qa4 Kf8 14. Qxa7 Nb6 15.
dxc5 Ra8 16. Qxb6 Qxc5 17. Qxc5 dxc5 18. Nbd2 Rd8 19. Rad1 h4 20. Nb3 Rc8 21.
e5 Nh5 22. Bg5 1-0

[Event "10. Lichtenberger Sommer"]
[Site "Berlin"]
[Date "2011.08.18"]
[Round "6.97"]
[White "Winz, Michael"]
[Black "Kujawa, Werner"]
[Result "1/2-1/2"]
[WhiteElo "1684"]
[BlackElo "1836"]
[PlyCount "78"]
[EventDate "2011.??.??"]
[WhiteTeam "SC Friesen Lichtenberg e.V."]
[BlackTeam "SV Motor Wildau e.V."]

1. d4 Nf6 2. c4 c5 3. d5 b5 4. e3 bxc4 5. Bxc4 d6 6. Nc3 g6 7. Nf3 Bg7 8. O-O
O-O 9. Re1 Nbd7 10. e4 Nb6 11. Bd3 Ng4 12. h3 Ne5 13. Nxe5 Bxe5 14. f4 Bg7 15.
Qf3 c4 16. Bc2 Qc7 17. Qg3 Bb7 18. h4 Rae8 19. Be3 a6 20. Bd1 f5 21. h5 fxe4
22. hxg6 h6 23. Qh3 Bc8 24. Bg4 Bxg4 25. Qxg4 Qd7 26. Qh4 Na4 27. Nxe4 Qf5 28.
Ng5 Qxg6 29. Ne6 Rf5 30. Nxg7 Qxg7 31. b3 cxb3 32. axb3 Nc5 33. Bxc5 dxc5 34.
Rxa6 Qd4+ 35. Kh1 Qxf4 36. Rg6+ Kh7 37. Qxf4 Rxf4 38. Ree6 Rh4+ 39. Kg1 Rd4
1/2-1/2

[Event "10. Lichtenberger Sommer"]
[Site "Berlin"]
[Date "2011.08.18"]
[Round "6.99"]
[White "Laurin, Dirk"]
[Black "Huelse, Hagen"]
[Result "1-0"]
[WhiteElo "1671"]
[BlackElo "1702"]
[PlyCount "137"]
[EventDate "2011.??.??"]
[WhiteTeam "SG Narva Berlin e.V."]
[BlackTeam "Forster Schachclub 95"]

1. e4 d5 2. exd5 Qxd5 3. Nc3 Qa5 4. Nf3 c6 5. Be2 Nf6 6. d3 h6 7. O-O Bf5 8.
Nd4 Bg6 9. Nb3 Qc7 10. Nd2 e6 11. Nf3 Bd6 12. b3 Nbd7 13. Bb2 O-O-O 14. Re1
Rhe8 15. h3 Bh7 16. Bf1 g5 17. Nd2 h5 18. Nce4 Nxe4 19. Nxe4 Bxe4 20. dxe4 g4
21. hxg4 hxg4 22. Qxg4 Ne5 23. Qe2 Rh8 24. g3 f6 25. Bg2 Rdg8 26. Rad1 Bc5 27.
Bd4 Bd6 28. Rd2 Qh7 29. Bxa7 Bb4 30. Rd4 Bxe1 31. Qxe1 Rd8 32. f4 Rxd4 33. Bxd4
Nd7 34. c4 c5 35. Bf2 b6 36. Qc3 Rd8 37. Bf3 Qh8 38. b4 f5 39. e5 Qe8 40. Qa3
Nb8 41. bxc5 Qd7 42. cxb6 Rh8 43. b7+ Kd8 44. Qd6 Qxd6 45. exd6 Kd7 46. c5 Nc6
47. Be2 Rb8 48. Ba6 Nb4 49. Bb5+ Nc6 50. Ba6 Nb4 51. Bb5+ Nc6 52. a4 Rxb7 53.
Kg2 Rb8 54. Kf3 Re8 55. g4 fxg4+ 56. Kxg4 Rg8+ 57. Kf3 Rf8 58. Ke4 Rf5 59. a5
Rf8 60. a6 Rb8 61. a7 Ra8 62. Bxc6+ Kxc6 63. Ke5 Rxa7 64. Kxe6 Rh7 65. f5 Rh2
66. Bd4 Re2+ 67. Be5 Kxc5 68. d7 Rd2 69. Ke7 1-0

[Event "10. Lichtenberger Sommer"]
[Site "Berlin"]
[Date "2011.08.18"]
[Round "6.101"]
[White "Mildenberger, Hans"]
[Black "Kühnert, Hanno"]
[Result "0-1"]
[WhiteElo "1633"]
[BlackElo "1313"]
[PlyCount "80"]
[EventDate "2011.??.??"]
[WhiteTeam "SG BVG Helmholtz 55"]
[BlackTeam "SC Rotation Pankow e.V."]

1. d4 Nf6 2. c4 e6 3. Nc3 b6 4. Nf3 Bb4 5. g3 Bb7 6. Bg2 Be4 7. O-O Bxc3 8.
bxc3 O-O 9. Ba3 Re8 10. Nd2 Bxg2 11. Kxg2 d5 12. Kg1 dxc4 13. Nxc4 Qd5 14. Ne5
Nbd7 15. c4 Qa5 16. Nxd7 Nxd7 17. Bb2 Qg5 18. e4 Rad8 19. Qe2 Qh6 20. e5 Qh3
21. Rac1 c5 22. d5 exd5 23. cxd5 Nf6 24. Rc4 Rxd5 25. Rh4 Qf5 26. Qc4 b5 27.
Qxb5 Nd7 28. Rf4 Qe6 29. Kg2 Rb8 30. Qe2 Nxe5 31. Re1 Qc6 32. Kg1 Ng6 33. Rg4
Rbd8 34. Qc2 Re8 35. Rc1 Qb5 36. Ba1 Re2 37. Qc3 f6 38. h4 Ne5 39. Rf4 Rd8 40.
Rb1 Qxb1+ 0-1

[Event "10. Lichtenberger Sommer"]
[Site "Berlin"]
[Date "2011.08.18"]
[Round "6.102"]
[White "Kammler, Hans-Joachim"]
[Black "Mahler, Sonja"]
[Result "0-1"]
[WhiteElo "1519"]
[BlackElo "1656"]
[PlyCount "89"]
[EventDate "2011.??.??"]
[WhiteTeam "vereinslos"]
[BlackTeam "SC Kreuzberg e.V."]

1. e4 e5 2. Nf3 Nc6 3. Bb5 Nge7 4. d4 exd4 5. Nxd4 Ne5 6. Bf4 N5g6 7. Qf3 c6 8.
Bd3 Qb6 9. Nb3 a5 10. Be3 Qc7 11. O-O d6 12. Qg3 Bd7 13. f4 Ng8 14. Qf2 c5 15.
Bc4 Nf6 16. Nc3 Qd8 17. Be2 Be7 18. Rad1 Rb8 19. Qg3 Ng8 20. Qe1 Nf6 21. f5 Ne5
22. Bf4 b5 23. Bxe5 dxe5 24. Bxb5 Qb6 25. Bxd7+ Nxd7 26. Nd5 Qa7 27. Qg3 Bf8
28. Qh4 c4+ 29. Kh1 cxb3 30. cxb3 Rc8 31. Rc1 Nc5 32. Rc4 Qa6 33. Rfc1 Bd6 34.
f6 g6 35. Qh6 Bf8 36. Qh3 Bd6 37. a3 Rc6 38. b4 Nxe4 39. Rxc6 Nf2+ 40. Kg1
Nxh3+ 41. gxh3 Qa7+ 42. Nb6 O-O 43. bxa5 Qxa5 44. Nc4 Bc5+ 45. Kf1 0-1

[Event "10. Lichtenberger Sommer"]
[Site "Berlin"]
[Date "2011.08.18"]
[Round "6.103"]
[White "Stiewe, Frank"]
[Black "Heyne, Klaus"]
[Result "1-0"]
[WhiteElo "1696"]
[BlackElo "1477"]
[PlyCount "45"]
[EventDate "2011.??.??"]
[WhiteTeam "vereinslos"]
[BlackTeam "SV Berolina Mitte e.V."]

1. e4 c5 2. Nf3 Nc6 3. d4 cxd4 4. Nxd4 h6 5. Nc3 a6 6. Be3 d6 7. a3 Nf6 8. h3
e6 9. Bd3 Be7 10. Qd2 Nxd4 11. Bxd4 e5 12. Be3 Nh7 13. Nd5 Bg5 14. f4 exf4 15.
Bxf4 Bxf4 16. Qxf4 g5 17. Qf2 Be6 18. Qd4 f6 19. Bc4 b5 20. Ba2 Bxd5 21. Qxd5
Rf8 22. O-O-O Rc8 23. Qe6+ 1-0

[Event "10. Lichtenberger Sommer"]
[Site "Berlin"]
[Date "2011.08.18"]
[Round "6.104"]
[White "Stiemerling, Karl-Heinz"]
[Black "Berg, Gerd"]
[Result "1/2-1/2"]
[WhiteElo "1673"]
[BlackElo "1623"]
[PlyCount "109"]
[EventDate "2011.??.??"]
[WhiteTeam "vereinslos"]
[BlackTeam "SK König Tegel 1949 e.V."]

1. d4 Nf6 2. c4 e6 3. Nc3 d5 4. Bg5 Be7 5. e3 O-O 6. Nf3 Nbd7 7. Be2 c6 8. O-O
dxc4 9. Bxc4 b5 10. Bd3 a5 11. Rc1 Ba6 12. b3 b4 13. Na4 Bxd3 14. Qxd3 Rc8 15.
Rfd1 Nd5 16. Bxe7 Qxe7 17. e4 Nf4 18. Qe3 Ng6 19. Nc5 Nxc5 20. Rxc5 Qc7 21. Ne5
Nxe5 22. Rxe5 Rb8 23. Rc1 Qd6 24. Rec5 Rfc8 25. e5 Qd8 26. g3 Qb6 27. Qe4 g6
28. Rxc6 Rxc6 29. Rxc6 Qb7 30. Qc2 Qa7 31. Qc4 Kg7 32. f4 Ra8 33. Kf2 Rd8 34.
Ke3 h5 35. Qa6 Qxa6 36. Rxa6 Rc8 37. Rxa5 Rc2 38. a4 Rc3+ 39. Ke4 Rxb3 40. d5
exd5+ 41. Kxd5 Rb2 42. Rb5 Rxh2 43. Rxb4 Ra2 44. e6 Kf6 45. e7 Kxe7 46. Rb7+
Kf6 47. Ra7 Kf5 48. Kd4 Kg4 49. Ra6 Kxg3 50. Ke4 Re2+ 51. Kd3 Kf3 52. Rxg6 Re3+
53. Kd2 Re2+ 54. Kd3 Re3+ 55. Kd2 1/2-1/2

[Event "10. Lichtenberger Sommer"]
[Site "Berlin"]
[Date "2011.08.18"]
[Round "6.105"]
[White "Paris, Gerhard"]
[Black "Pilgrim, Wilfried"]
[Result "1/2-1/2"]
[WhiteElo "1628"]
[BlackElo "1463"]
[PlyCount "62"]
[EventDate "2011.??.??"]
[WhiteTeam "TSG Oberschöneweide e.V."]
[BlackTeam "SC Kreuzberg e.V."]

1. e4 c5 2. Nc3 e5 3. g3 Nf6 4. Bg2 Be7 5. Nf3 Nc6 6. O-O d6 7. d3 h6 8. Bd2
Bg4 9. a3 Nd4 10. Re1 O-O 11. h3 Nxf3+ 12. Bxf3 Bxh3 13. g4 Qd7 14. Kh2 Bxg4
15. Rg1 Bxf3 16. Qxf3 Kh7 17. Rg3 Rg8 18. Rag1 g6 19. Nd5 Nxd5 20. Qxf7+ Kh8
21. Qxd5 Raf8 22. Be3 Bh4 23. Rxg6 Bg5 24. Rxd6 Rxf2+ 25. Bxf2 Bf4+ 26. Bg3 Qg7
27. Kh1 Qg5 28. Rg2 Qh5+ 29. Bh2 Qd1+ 30. Bg1 Qh5+ 31. Bh2 Qd1+ 1/2-1/2

[Event "10. Lichtenberger Sommer"]
[Site "Berlin"]
[Date "2011.08.18"]
[Round "6.106"]
[White "Werninghaus, Klaus Peter"]
[Black "Herzsprung, Johanna"]
[Result "1-0"]
[WhiteElo "1647"]
[BlackElo "1148"]
[PlyCount "107"]
[EventDate "2011.??.??"]
[WhiteTeam "Dortmunder Schachverein 1875"]
[BlackTeam "BSC Rehberge 1945 e.V."]

1. c4 Nf6 2. Nc3 e5 3. g3 Nc6 4. Nf3 Bc5 5. Bg2 a6 6. O-O O-O 7. a3 d6 8. b4
Ba7 9. d3 h6 10. Bb2 Bf5 11. e3 Re8 12. b5 axb5 13. cxb5 Nb8 14. Ne1 Qc8 15.
Nc2 Bh3 16. Qf3 Bxg2 17. Qxg2 c6 18. Nb4 Nbd7 19. bxc6 bxc6 20. Qxc6 Qxc6 21.
Nxc6 Bc5 22. Rfc1 Rf8 23. Ne7+ Kh7 24. Ncd5 Rfb8 25. Rc2 Rb3 26. Nc7 Ra5 27.
Nc6 Ra4 28. Rd2 Bxa3 29. d4 Rxb2 30. Rxb2 Bxb2 31. Rxa4 exd4 32. Nxd4 Nc5 33.
Rc4 Nfe4 34. Rc2 Ba3 35. Ncb5 Bb4 36. Nf3 g5 37. Nfd4 Kg6 38. Nc6 Be1 39. Ne7+
Kf6 40. Nd5+ Ke6 41. Nbc7+ Kd7 42. Nb5 Kc6 43. Nbc3 Bxf2+ 44. Rxf2 Nxf2 45.
Nb4+ Kd7 46. Kxf2 Ke6 47. e4 Ke5 48. Ke3 f6 49. g4 Ke6 50. Nc6 Nd7 51. Nb5 d5
52. Ncd4+ Ke5 53. exd5 Kxd5 54. Nf5 1-0

[Event "10. Lichtenberger Sommer"]
[Site "Berlin"]
[Date "2011.08.18"]
[Round "6.107"]
[White "Kitzler, Gerhard"]
[Black "Bauer, Stefan"]
[Result "0-1"]
[WhiteElo "1588"]
[BlackElo "1684"]
[PlyCount "102"]
[EventDate "2011.??.??"]
[WhiteTeam "vereinslos"]
[BlackTeam "SC Kreuzberg e.V."]

1. e4 c5 2. Nf3 d6 3. d4 cxd4 4. Nxd4 Nf6 5. Nc3 a6 6. Be2 g6 7. Be3 Bg7 8. Qd2
h6 9. O-O Nbd7 10. f3 e5 11. Nb3 Qe7 12. Nd5 Nxd5 13. Qxd5 O-O 14. Rad1 g5 15.
Qd2 Kh7 16. Bd3 Rg8 17. Bc4 Bf8 18. Na5 Nf6 19. g4 Be6 20. Bxe6 fxe6 21. Nxb7
Qxb7 22. b3 Rg7 23. c4 Rd7 24. h4 gxh4 25. Kf2 Rf7 26. Kg1 Ng8 27. Kh2 Bg7 28.
Kh3 Raf8 29. Qg2 Bf6 30. Rf2 Bg5 31. Bxg5 hxg5 32. Rdf1 Rf4 33. Kh2 Qa7 34. Rd2
Qe7 35. Rdf2 Qf6 36. Qh3 Ne7 37. Qg2 Kg7 38. Kh3 Nc6 39. Qh1 Nd4 40. Qg2 a5 41.
Qh1 Qe7 42. Qg2 Qc7 43. Qh1 Qc5 44. Qg2 Ra8 45. Rb2 Qb4 46. Qf2 Raf8 47. Qg2
Rxf3+ 48. Rxf3 Rxf3+ 49. Kh2 Qe1 50. Rd2 Rg3 51. Qf2 Nf3+ 0-1

[Event "10. Lichtenberger Sommer"]
[Site "Berlin"]
[Date "2011.08.18"]
[Round "6.108"]
[White "Schröder, Gert"]
[Black "Dittrich, Tom"]
[Result "0-1"]
[WhiteElo "1386"]
[BlackElo "1157"]
[PlyCount "112"]
[EventDate "2011.??.??"]
[WhiteTeam "SV Königsjäger Süd-West e.V."]
[BlackTeam "SG Blau-Weiß Stadtilm"]

1. e4 c5 2. Nf3 d6 3. Bc4 Nc6 4. c3 Nf6 5. d3 e6 6. O-O Be7 7. Re1 O-O 8. d4
cxd4 9. Nxd4 Nxd4 10. cxd4 d5 11. Bd3 Nxe4 12. Bxe4 dxe4 13. Rxe4 b6 14. Re2
Bb7 15. Nc3 Bg5 16. f4 Be7 17. Be3 Rc8 18. a3 Qd7 19. Rd2 Rfd8 20. Qg4 f5 21.
Qg3 Bf6 22. h4 Qe7 23. h5 Bh4 24. Qh2 h6 25. g3 Bf6 26. Qe2 Qf7 27. Kf2 Rd7 28.
Rad1 Rcd8 29. a4 Rc8 30. Rc2 Rdc7 31. Rdc1 Qe8 32. Nb5 Rxc2 33. Rxc2 Rxc2 34.
Qxc2 Qxh5 35. Ke1 Qh1+ 36. Kd2 Qh2+ 37. Kc3 Qxc2+ 38. Kxc2 Kh7 39. Nxa7 g5 40.
Nb5 gxf4 41. gxf4 h5 42. Kd2 h4 43. Bf2 h3 44. Bg1 Kh6 45. Nd6 Bxd4 46. Nf7+
Kg6 47. Ne5+ Kh5 48. Bh2 Bxb2 49. Nd7 Bd4 50. Kd3 Bf2 51. Ke2 Bc5 52. Nxc5 bxc5
53. a5 Kg4 54. Ke3 c4 55. Kd4 Kf3 56. Bg1 Kg2 0-1

[Event "10. Lichtenberger Sommer"]
[Site "Berlin"]
[Date "2011.08.18"]
[Round "6.109"]
[White "Hubbe, Bernd"]
[Black "Güldenpfennig, Gavin"]
[Result "0-1"]
[WhiteElo "1353"]
[BlackElo "1203"]
[PlyCount "72"]
[EventDate "2011.??.??"]
[WhiteTeam "SC Rotation Pankow e.V."]
[BlackTeam "BSC Rehberge 1945 e.V."]

1. d4 d5 2. c4 dxc4 3. Qa4+ Nc6 4. Nf3 Bd7 5. Qxc4 e6 6. e3 Bd6 7. Bd2 Nf6 8.
h3 O-O 9. Be2 Ne7 10. Nc3 c6 11. a4 Qc7 12. e4 e5 13. Bg5 exd4 14. Bxf6 dxc3
15. Qxc3 gxf6 16. Rd1 Ng6 17. O-O Be7 18. Nd2 Kh8 19. Qe3 Rg8 20. Qh6 Nf4 21.
Bf3 Bxh3 22. g3 Rg6 23. Qxg6 Nxg6 24. Rfe1 Rg8 25. Kh2 Nf4 26. e5 Nd3 27. Re2
Bg4 28. Kg2 fxe5 29. Re4 Bxf3+ 30. Kxf3 f5 31. Re2 e4+ 32. Nxe4 fxe4+ 33. Rxe4
Nxf2 34. Kxf2 Qxg3+ 35. Ke2 Qg2+ 36. Kd3 Qf3+ 0-1

[Event "10. Lichtenberger Sommer"]
[Site "Berlin"]
[Date "2011.08.18"]
[Round "6.110"]
[White "Lippianowski, Stefan"]
[Black "Ollek, Karl-Heinz"]
[Result "0-1"]
[WhiteElo "1261"]
[BlackElo "1803"]
[PlyCount "54"]
[EventDate "2011.??.??"]
[WhiteTeam "Treptower SV 1949 e.V."]
[BlackTeam "SC Friesen Lichtenberg e.V."]

1. e4 e6 2. Nf3 c6 3. d4 d5 4. e5 Bb4+ 5. c3 Ba5 6. b4 Bc7 7. Bd3 Nd7 8. Ng5 h6
9. Nxf7 Kxf7 10. Qf3+ Ndf6 11. exf6 Qxf6 12. Qh5+ g6 13. Qe2 e5 14. f3 exd4 15.
c4 Bf5 16. Bxf5 gxf5 17. Kd2 Bf4+ 18. Kc2 Re8 19. Qf2 Be3 20. Qg3 f4 21. Qg4
dxc4 22. Qd7+ Re7 23. Qh3 Qg6+ 24. Kb2 b5 25. g4 Nf6 26. Na3 Qd3 27. Rb1 Qc3#
0-1

[Event "10. Lichtenberger Sommer"]
[Site "Berlin"]
[Date "2011.08.19"]
[Round "7.2"]
[White "Reichenbach, Werner"]
[Black "Franco Alonso, Alejandro"]
[Result "0-1"]
[WhiteElo "2313"]
[BlackElo "2452"]
[PlyCount "122"]
[EventDate "2011.??.??"]
[WhiteTeam "Schachclub Oberkrämer"]
[BlackTeam "Gros Xake Taldea"]

1. d4 Nf6 2. Nf3 e6 3. g3 b5 4. Bg2 Bb7 5. O-O Be7 6. b3 c5 7. dxc5 Bxc5 8. Bb2
O-O 9. Ne5 Bxg2 10. Kxg2 Qb6 11. a4 b4 12. a5 Qb7+ 13. Kg1 Na6 14. Nd2 Rac8 15.
Nd3 Be7 16. Bxf6 Bxf6 17. Ra2 d5 18. e3 Nc5 19. Nxc5 Rxc5 20. Qe2 Qc7 21. Nf3
Rc8 22. Rc1 Rxa5 23. Rxa5 Qxa5 24. e4 h6 25. e5 Bd8 26. Rd1 Bb6 27. Kg2 Qc5 28.
Rd2 Qc3 29. Ne1 a5 30. h4 Bc7 31. Nf3 Bb6 32. Ne1 a4 33. bxa4 Ra8 34. Nf3 Ra5
35. Qf1 Qc6 36. Qb1 Rxa4 37. Qb3 Ra8 38. Rd1 Bc5 39. Qd3 Ra3 40. Qe2 Ra2 41.
Rb1 Bxf2 42. Rxb4 Ba7 43. Ne1 Qc5 44. Rf4 Qg1+ 45. Kh3 Ra3 46. Nd3 Qh1+ 47. Kg4
Ra1 48. Rf3 Ra4+ 49. Rf4 Ra1 50. Rf3 Qd1 51. Qxd1 Rxd1 52. Rf4 g6 53. h5 g5 54.
Ra4 Be3 55. Kf3 Bb6 56. Rb4 Bg1 57. Rb7 Rd2 58. Rc7 Bd4 59. g4 Kg7 60. Rc6 Rh2
61. c3 Rd2 0-1

[Event "10. Lichtenberger Sommer"]
[Site "Berlin"]
[Date "2011.08.19"]
[Round "7.3"]
[White "Wendt, Jan-Dietrich"]
[Black "Weber, Dirk"]
[Result "1/2-1/2"]
[WhiteElo "2360"]
[BlackElo "2271"]
[PlyCount "52"]
[EventDate "2011.??.??"]
[WhiteTeam "Sfrd. Berlin 1903 e.V."]
[BlackTeam "SV Königsspringer Braunschweig"]

1. Nf3 Nf6 2. d4 c5 3. d5 d6 4. Nc3 g6 5. e4 Bg7 6. Bb5+ Nfd7 7. a4 O-O 8. O-O
Na6 9. Re1 Nc7 10. Bf1 Rb8 11. Bf4 a6 12. a5 b5 13. axb6 Rxb6 14. Na4 Rb4 15.
c3 Rb8 16. e5 dxe5 17. Nxe5 Nxe5 18. Bxe5 Bxe5 19. Rxe5 Qd6 20. Qe1 Re8 21. Bc4
Bf5 22. Re2 Nxd5 23. Bxd5 Qxd5 24. Re5 Qd6 25. Rxc5 Rbd8 26. b4 Bd3 1/2-1/2

[Event "10. Lichtenberger Sommer"]
[Site "Berlin"]
[Date "2011.08.19"]
[Round "7.5"]
[White "Rietze, Clemens"]
[Black "Stark, Ingo"]
[Result "1-0"]
[WhiteElo "2310"]
[BlackElo "2166"]
[PlyCount "67"]
[EventDate "2011.??.??"]
[WhiteTeam "USV Potsdam e.V., Abt. Schach"]
[BlackTeam "TSG Oberschöneweide e.V."]

1. c4 Nf6 2. g3 e6 3. Nf3 d5 4. d4 c5 5. cxd5 exd5 6. Bg2 Nc6 7. O-O cxd4 8.
Nxd4 Be7 9. Nc3 O-O 10. Be3 Bg4 11. h3 Bd7 12. g4 Ne5 13. Bf4 Ng6 14. Bg3 Bc6
15. Nf5 Bc5 16. Na4 Bxa4 17. Qxa4 Ne7 18. Qf4 Nxf5 19. Qxf5 g6 20. Qf4 Re8 21.
Bh4 Re6 22. Rad1 Qb6 23. Bxd5 Nxd5 24. Rxd5 Rxe2 25. Qc4 Bxf2+ 26. Rxf2 Re6 27.
Qd4 Qc6 28. Rd8+ Rxd8 29. Qxd8+ Re8 30. Qd2 h6 31. Bf6 Kh7 32. Bc3 f5 33. Qd4
Qc7 34. Qf4 1-0

[Event "10. Lichtenberger Sommer"]
[Site "Berlin"]
[Date "2011.08.19"]
[Round "7.6"]
[White "Rabiega, Robert"]
[Black "Bruedigam, Martin"]
[Result "1-0"]
[WhiteElo "2507"]
[BlackElo "2322"]
[PlyCount "51"]
[EventDate "2011.??.??"]
[WhiteTeam "SK König Tegel 1949 e.V."]
[BlackTeam "USV Potsdam e.V., Abt. Schach"]

1. e4 e5 2. Nf3 Nc6 3. Bc4 Bc5 4. c3 Nf6 5. d4 exd4 6. e5 d5 7. Bb5 Ne4 8. cxd4
Bb6 9. h3 O-O 10. O-O f6 11. Bxc6 bxc6 12. Be3 c5 13. exf6 Rxf6 14. dxc5 Bxc5
15. Nbd2 Nxd2 16. Qxd2 Bxe3 17. Qxe3 Rb8 18. Qc3 c5 19. Rfe1 Rc6 20. Re5 Rc7
21. Rae1 Bb7 22. Ng5 Qd7 23. Ne6 Rcc8 24. Nxc5 Qc6 25. b4 a5 26. Qg3 1-0

[Event "10. Lichtenberger Sommer"]
[Site "Berlin"]
[Date "2011.08.19"]
[Round "7.8"]
[White "Simon, Ralf-Axel"]
[Black "Oberhofer, Andre"]
[Result "1/2-1/2"]
[WhiteElo "2200"]
[BlackElo "2308"]
[PlyCount "94"]
[EventDate "2011.??.??"]
[WhiteTeam "TSG Neuruppin"]
[BlackTeam "Saarbrücker Gambit 89 e.V."]

1. d4 Nf6 2. c4 e6 3. g3 d5 4. Bg2 Bb4+ 5. Bd2 Be7 6. Nf3 O-O 7. O-O Nbd7 8.
Qb3 c6 9. Rc1 Ne4 10. Bb4 f5 11. cxd5 exd5 12. Na3 Bxb4 13. Qxb4 f4 14. Nc2 Nb6
15. Qb3 fxg3 16. fxg3 Nc4 17. Ne3 Nxe3 18. Qxe3 Qb6 19. Ne5 Nf6 20. Qd2 Re8 21.
e3 Bf5 22. Rf1 Be4 23. Bh3 Re7 24. Rf4 c5 25. Raf1 cxd4 26. Qxd4 Rae8 27. Ng4
Nh5 28. R4f2 Qxd4 29. exd4 Bd3 30. Rc1 Re1+ 31. Rxe1 Rxe1+ 32. Bf1 Rb1 33. Ne3
Nf6 34. Rd2 Be4 35. Nd1 Bf5 36. Nc3 Re1 37. Kf2 Rc1 38. Be2 Be4 39. Ke3 Re1 40.
Kf4 Kf7 41. Rd1 Rxd1 42. Bxd1 Ke6 43. Nxe4 Nxe4 44. Bc2 Nf6 45. Bf5+ Kd6 46.
Bd3 Ke6 47. Bf5+ Kd6 1/2-1/2

[Event "10. Lichtenberger Sommer"]
[Site "Berlin"]
[Date "2011.08.19"]
[Round "7.9"]
[White "Meissner, Felix"]
[Black "Rohde, Wolfgang"]
[Result "1/2-1/2"]
[WhiteElo "2268"]
[BlackElo "2176"]
[PlyCount "117"]
[EventDate "2011.??.??"]
[WhiteTeam "Hamburger SK von 1830 eV"]
[BlackTeam "SC Friesen Lichtenberg e.V."]

1. e4 c5 2. Nf3 d6 3. d4 cxd4 4. Nxd4 Nf6 5. f3 g6 6. c4 Bg7 7. Nc3 O-O 8. Be2
Nc6 9. Nc2 Be6 10. O-O Nd7 11. Nd5 Rc8 12. Rb1 Bxd5 13. cxd5 Nb4 14. Nxb4 Qb6+
15. Kh1 Qxb4 16. Be3 Nb6 17. a3 Qa5 18. Qb3 Rc7 19. Rfd1 Rfc8 20. Bb5 Nd7 21.
a4 Ne5 22. Bd2 Qb6 23. a5 Qf2 24. Be3 Qc2 25. Qxc2 Rxc2 26. Bxa7 Nc4 27. Bxc4
R8xc4 28. b4 Bc3 29. h3 Bxb4 30. Bb6 h5 31. Rd4 Rc1+ 32. Rd1 Bd2 33. Rdxc1 Bxc1
34. Bd8 Bg5 35. Kg1 Rc8 36. Bb6 Kf8 37. Bd4 Rc1+ 38. Rxc1 Bxc1 39. Kf2 Ke8 40.
Ke2 Kd7 41. Kd3 Ba3 42. Kc4 Bc1 43. Kb5 Kc7 44. Bb6+ Kd7 45. Bf2 Kc7 46. Bh4 f6
47. Bf2 Bd2 48. Bd4 Bf4 49. Bb6+ Kd7 50. Bf2 Kc7 51. g4 Be5 52. Be3 Bg3 53. g5
Be1 54. gxf6 exf6 55. Bd4 Bh4 56. Bc3 Bg5 57. Bd4 f5 58. e5 dxe5 59. Bxe5+
1/2-1/2

[Event "10. Lichtenberger Sommer"]
[Site "Berlin"]
[Date "2011.08.19"]
[Round "7.10"]
[White "Sevian, Armen"]
[Black "Kollberg, Lothar"]
[Result "0-1"]
[WhiteElo "2208"]
[BlackElo "2237"]
[PlyCount "48"]
[EventDate "2011.??.??"]
[WhiteTeam "vereinslos"]
[BlackTeam "SC Rotation Pankow e.V."]

1. e4 g6 2. d4 Bg7 3. c4 d6 4. Nc3 Nd7 5. f4 e5 6. fxe5 dxe5 7. d5 Nh6 8. Nf3
O-O 9. Bd3 Qe7 10. h3 f5 11. Be3 Nc5 12. Bc2 fxe4 13. Nxe4 Nxe4 14. Bxe4 Nf5
15. Bf2 Qb4+ 16. Nd2 Bh6 17. a3 Qxd2+ 18. Qxd2 Bxd2+ 19. Kxd2 Nd6 20. Bf3 e4
21. c5 exf3 22. cxd6 fxg2 23. Rhe1 Rxf2+ 24. Kc3 cxd6 0-1

[Event "10. Lichtenberger Sommer"]
[Site "Berlin"]
[Date "2011.08.19"]
[Round "7.11"]
[White "Cusnariov, Nicolai"]
[Black "Kapp, Martin"]
[Result "1/2-1/2"]
[WhiteElo "2143"]
[BlackElo "2209"]
[PlyCount "56"]
[EventDate "2011.??.??"]
[WhiteTeam "USV Potsdam e.V., Abt. Schach"]
[BlackTeam "TSV IFA Chemnitz"]

1. d4 e6 2. Nf3 Nf6 3. c4 b6 4. g3 Bb7 5. Bg2 Be7 6. O-O O-O 7. Re1 d5 8. Nc3
Bb4 9. Qb3 Qe7 10. Bg5 Nbd7 11. Ne5 Rfd8 12. cxd5 exd5 13. Nxd7 Rxd7 14. Bxf6
gxf6 15. Bxd5 Bxc3 16. Bxb7 Bxe1 17. Bxa8 Qxe2 18. Qe3 Qxe3 19. fxe3 Bd2 20.
Kf2 Re7 21. e4 Rd7 22. d5 Re7 23. Kf3 Bb4 24. Bb7 f5 25. exf5 Kg7 26. Rd1 Bc5
27. Rd3 Kf6 28. g4 Kg5 1/2-1/2

[Event "10. Lichtenberger Sommer"]
[Site "Berlin"]
[Date "2011.08.19"]
[Round "7.12"]
[White "Kohler, Thomas"]
[Black "Cremer, Jan Paul"]
[Result "1/2-1/2"]
[WhiteElo "2255"]
[BlackElo "2033"]
[PlyCount "40"]
[EventDate "2011.??.??"]
[WhiteTeam "SC Zitadelle Spandau 1977 e.V."]
[BlackTeam "Schachpinguine Berlin e.V."]

1. c4 Nf6 2. g3 e6 3. Bg2 d5 4. Nf3 Be7 5. O-O O-O 6. b3 c5 7. Bb2 b6 8. e3 Bb7
9. Nc3 Nbd7 10. Qe2 Rc8 11. Rfd1 Qc7 12. cxd5 Nxd5 13. Nxd5 Bxd5 14. e4 Bb7 15.
d4 Nf6 16. dxc5 Bxe4 17. cxb6 Qxb6 18. Nd4 Bxg2 19. Kxg2 Rfd8 20. Nf3 Nd5
1/2-1/2

[Event "10. Lichtenberger Sommer"]
[Site "Berlin"]
[Date "2011.08.19"]
[Round "7.14"]
[White "Kornrumpf, Joachim"]
[Black "Skibbe, Willi"]
[Result "0-1"]
[WhiteElo "2099"]
[BlackElo "2213"]
[PlyCount "62"]
[EventDate "2011.??.??"]
[WhiteTeam "Preetzer TSV"]
[BlackTeam "SSC Rostock 07"]

1. b3 e5 2. e3 Nc6 3. Bb2 d6 4. Nf3 Nf6 5. Be2 g6 6. d3 Bg7 7. Nbd2 O-O 8. O-O
Ne8 9. Rb1 f5 10. c4 g5 11. g3 f4 12. exf4 gxf4 13. Re1 fxg3 14. hxg3 Nf6 15.
Kg2 Bf5 16. Nh4 Be6 17. Ne4 Nxe4 18. dxe4 Qd7 19. Rh1 Rf7 20. Qd2 Raf8 21. Rbf1
Bf6 22. Rh2 Rg7 23. Rfh1 Bg5 24. Qe1 Qf7 25. Nf3 Be7 26. Rh6 Bg4 27. Nh4 Bxh4
28. R1xh4 Bf3+ 29. Bxf3 Qxf3+ 30. Kg1 Nb4 31. Qe3 Rxg3+ 0-1

[Event "10. Lichtenberger Sommer"]
[Site "Berlin"]
[Date "2011.08.19"]
[Round "7.15"]
[White "Hoffmann, Peter"]
[Black "Schulz, Michael"]
[Result "0-1"]
[WhiteElo "2030"]
[BlackElo "2233"]
[PlyCount "96"]
[EventDate "2011.??.??"]
[WhiteTeam "BSG 1827 Eckbauer e.V."]
[BlackTeam "SC Empor Potsdam 1952 e.V."]

1. d4 Nf6 2. c4 c5 3. d5 e6 4. Nc3 exd5 5. cxd5 d6 6. e4 g6 7. f4 Bg7 8. Bb5+
Nfd7 9. a4 O-O 10. Nf3 Na6 11. O-O Nb4 12. Re1 a6 13. Bf1 Nf6 14. h3 Re8 15.
Kh2 b6 16. Re2 h5 17. g3 Ra7 18. Ng5 Bh6 19. Bg2 h4 20. gxh4 Bg7 21. Bf3 Rae7
22. e5 Nh7 23. Nce4 Nxg5 24. hxg5 dxe5 25. d6 Ra7 26. Be3 Bf5 27. a5 Bxe4 28.
Bxe4 Rd7 29. f5 Rxd6 30. Qg1 gxf5 31. Bxf5 e4 32. axb6 Re5 33. Bxc5 Rxf5 34.
Bxb4 Be5+ 35. Kh1 Rd3 36. Ra3 Rff3 37. Qg4 Rg3 38. Qf5 Qxb6 39. Qc8+ Rd8 40.
Qc1 Qxb4 41. Rxg3 Bxg3 42. g6 Qb3 43. gxf7+ Qxf7 44. Qg5+ Kh7 45. Qxg3 Qf1+ 46.
Qg1 Qxe2 47. Qa7+ Kg8 48. Qg1+ Kh8 0-1